000 00659nam a2200229Ia 4500
003 OSt
005 20220926000845.0
006 a|||||r|||| 00| 0
007 ta
008 220923b |||||||| |||| 00| 0 eng d
037 _cGeneral Book
040 _aRTL
_cRTL
_beng
041 _2eng
_aeng
082 _aX:89Q8.2.N59<N58r, J9/GD
110 _aINDIAN STANDARDS INSTITUTION
_9303094
245 0 _a12th annual report 1958-59.
260 _a New Delhi
_bISI
_c1959
300 _a107p.
_ccm.
700 _aINDIAN STANDARDS INSTITUTION
_9303095
942 _hX:89Q8.2.N59<N58r, J9/GD
_cGB
_2CC
999 _c599903
_d599903